Sayısal tasarım (Record no. 34558)

MARC details
000 -LEADER
fixed length control field 00615nam a2200181Ia 4500
020 ## - INTERNATIONAL STANDARD BOOK NUMBER
ISBN 9786058763326
050 ## - CALL MARK
Classification number TK 7888.3 .K37/
100 ## - STATEMENT OF RESPONSIBILITY--MAIN AUTHOR NAME
Personal name Karlık, Bekir, 1964-
245 #0 - TITLE STATEMENT
Title Sayısal tasarım
260 ## - PUBLICATION, DISTRIBUTION, ETC. (IMPRINT)
Place of publication Konya
260 ## - PUBLICATION, DISTRIBUTION, ETC. (IMPRINT)
Name of publisher Ekopi Dijital Baskı
260 ## - PUBLICATION, DISTRIBUTION, ETC. (IMPRINT)
Year of publication 2011
300 ## - PHYSICAL DESCRIPTION
Number of Pages 107 p
650 ## - SUBJECT ADDED ENTRY--TOPICAL TERM
Topical Term Electronic digital computers -- Circuits Logic circuits Logic design Digital integrated circuits Elektronik sayısal bilgisayarlar -- Devreler Mantık devreleri Mantık tasarımı Sayısal entegre devreler
942 ## - ADDED ENTRY ELEMENTS (KOHA)
Koha item type Books
Holdings
Withdrawn status Lost status Source of classification or shelving scheme Damaged status Not for loan Permanent Location Current Location Date acquired Accession Number Price effective from Koha item type
    Library of Congress Classification     NILE UNIVERSITY OF NIGERIA - MAIN LIBRARY NILE UNIVERSITY OF NIGERIA - MAIN LIBRARY 04/23/2025 0009880 04/23/2025 Books